Statistics for Страны на Адриатическом море с картой

Click here to take the quiz!

General Stats

  • This quiz has been taken 323 times
  • The average score is 6 of 6

Answers on the Map

Answers color-coded by a green-red scale on the quiz's map according to % correct below.
 

Answer Stats

Страна% Correct
Италия
100%
Хорватия
96%
Босния и Герцеговина
95%
Словения
93%
Черногория
93%
Албания
91%

Score Distribution

Percentile by Number Answered

Percent of People with Each Score

Your Score History

You have not taken this quiz